00273nam a2200097Ia 4500008004100000041000800041100003100049245004100080260003500121999001900156241105s9999 xx 000 0 und d aeng aJachak Nishigandha9182694 aResort At Ambi Pune Baramati Highway bFinal Year B. Arch, BNCAc2014 c360985d360985